| 000 | 00977nam a22002897a 4500 | ||
|---|---|---|---|
| 001 | BR8708631 | ||
| 003 | BR-BrBNA | ||
| 005 | 20230928092758.0 | ||
| 007 | ta | ||
| 008 | 230509b bl.||||| |||| 00| 0 por d | ||
| 040 |
_aBR-BrBNA _bpor _cBiblioteca Nacional de Agricultura |
||
| 041 | _a(Por) | ||
| 072 |
_aL40 _b5110 |
||
| 090 | _ 5110 BR8708631 | ||
| 100 | 1 | _aVuono, L. de | |
| 110 | 1 |
_aUniversidade de Sao Paulo, Sao Paulo (Brasil). Faculdade de Medicina Veterinaria e Zootecnia _0Tese (Doutorado) |
|
| 245 | 1 | _aContribuicao ao estudo da vascularizacao arterial do testiculo em jumento nordestino | |
| 246 | 1 | _a[Contribution to the study of northeast hinnies testes arterial vascularization] | |
| 260 | 3 |
_aSao Paulo, SP (Brasil): _c1986. |
|
| 300 | _a133 p. | ||
| 500 | _aSummaries (Eng, Por); 65 illus.; 18 ref.; 17 tables | ||
| 650 | _aJUMENTO | ||
| 650 | _aTESTICULO | ||
| 650 | _aVASOS SANGUINEOS | ||
| 909 |
_a202309 _bLucia _c55 _dLucia Elande |
||
| 942 | _cBK | ||
| 999 |
_c41149 _d41149 |
||